[Event "Stay Safe Play From Home 172"]
[Site "T#646326Emanuel Laske"]
[Date "2020.05.25"]
[Round "7"]
[White "Fischer_11"]
[Black "matanant"]
[Result "1-0"]
[WhiteElo "1901"]
[BlackElo "1649"]
[Annotator "NA"]
[PlyCount "79"]
[EventDate "2020.05.25"]
[EventType "swiss (blitz)"]

1. e4 {[%emt 0:00:02]} e5 {[%emt 0:00:01]} 2. Nc3 {[%emt 0:00:01]} Nf6 {[%emt 0:00:02]} 3. Bc4 {[%emt 0:00:00]} Nc6 {[%emt 0:00:01]} 4. d3 {[%emt 0:00:00]} d6 {[%emt 0:00:00]} 5. f4 {[%emt 0:00:00]} Be6 {[%emt 0:00:01]} 6. Nf3 {[%emt 0:00:00]} Bxc4 {[%emt 0:00:01]} 7. dxc4 {[%emt 0:00:00]} exf4 {[%emt 0:00:01]} 8. Bxf4 {[%emt 0:00:01]} Be7 {[%emt 0:00:00]} 9. O-O {[%emt 0:00:00]} O-O {[%emt 0:00:01]} 10. e5 {[%emt 0:00:02]} Nd7 {[%emt 0:00:00]} 11. exd6 {[%emt 0:00:01]} cxd6 {[%emt 0:00:00]} 12. Bxd6 {[%emt 0:00:01]} Bxd6 {[%emt 0:00:01]} 13. Qxd6 {[%emt 0:00:00]} Qb6+ {[%emt 0:00:01]} 14. Kh1 {[%emt 0:00:04]} Rad8 {[%emt 0:00:00]} 15. b3 {[%emt 0:00:03]} Nde5 {[%emt 0:00:03]} 16. Qa3 {[%emt 0:00:05]} Nxf3 {[%emt 0:00:02]} 17. Rxf3 {[%emt 0:00:00]} Rd2 {[%emt 0:00:02]} 18. Qb2 {[%emt 0:00:06]} Nd4 {[%emt 0:00:02]} 19. Nd5 {[%emt 0:00:03]} Rxc2 {[%emt 0:00:03]} 20. Nxb6 {[%emt 0:00:03]} Rxb2 {[%emt 0:00:02]} 21. Rd3 {[%emt 0:00:01]} Nxb3 {[%emt 0:00:04]} 22. Rxb3 {[%emt 0:00:02]} Rxb3 {[%emt 0:00:01]} 23. axb3 {[%emt 0:00:00]} axb6 {[%emt 0:00:01]} 24. Ra7 {[%emt 0:00:02]} Rd8 {[%emt 0:00:02]} 25. h3 {[%emt 0:00:01]} g6 {[%emt 0:00:02]} 26. Rxb7 {[%emt 0:00:01]} Rd6 {[%emt 0:00:01]} 27. Rb8+ {[%emt 0:00:01]} Kg7 {[%emt 0:00:01]} 28. Kh2 {[%emt 0:00:00]} h5 {[%emt 0:00:01]} 29. b4 {[%emt 0:00:00]} h4 {[%emt 0:00:01]} 30. c5 {[%emt 0:00:01]} bxc5 {[%emt 0:00:01]} 31. bxc5 {[%emt 0:00:00]} Rc6 {[%emt 0:00:01]} 32. Rb5 {[%emt 0:00:00]} g5 {[%emt 0:00:01]} 33. Kg1 {[%emt 0:00:00]} f5 {[%emt 0:00:01]} 34. Kf2 {[%emt 0:00:00]} Kf6 {[%emt 0:00:00]} 35. Rb6 {[%emt 0:00:00]} Ke6 {[%emt 0:00:00]} 36. Rxc6+ {[%emt 0:00:01]} Kd5 {[%emt 0:00:00]} 37. Rg6 {[%emt 0:00:00]} Kxc5 {[%emt 0:00:01]} 38. Rxg5 {[%emt 0:00:00]} Kd4 {[%emt 0:00:00]} 39. Rxf5 {[%emt 0:00:00]} Ke4 {[%emt 0:00:00]} 40. Rh5 {[%emt 0:00:01] matanant resigns (Lag: Av=0.55s, max=1.0s)} 1-0

[Event "Stay Safe Play From Home 172"]
[Site "T#646326Emanuel Laske"]
[Date "2020.05.25"]
[Round "7"]
[White "Majstor-resa"]
[Black "Vilmos47"]
[Result "1-0"]
[WhiteElo "1682"]
[BlackElo "973"]
[Annotator "NA"]
[PlyCount "51"]
[EventDate "2020.05.25"]
[EventType "swiss (blitz)"]

1. d4 {[%emt 0:00:01]} d5 {[%emt 0:00:02]} 2. Nf3 {[%emt 0:00:00]} Nf6 {[%emt 0:00:02]} 3. Nc3 {[%emt 0:00:00]} e6 {[%emt 0:00:03]} 4. Bg5 {[%emt 0:00:01]} c5 {[%emt 0:00:02]} 5. Ne5 {[%emt 0:00:01]} cxd4 {[%emt 0:00:04]} 6. Qxd4 {[%emt 0:00:01]} Nc6 {[%emt 0:00:02]} 7. Nxc6 {[%emt 0:00:01]} bxc6 {[%emt 0:00:01]} 8. O-O-O {[%emt 0:00:01]} Be7 {[%emt 0:00:01]} 9. e3 {[%emt 0:00:01]} O-O {[%emt 0:00:03]} 10. Bd3 {[%emt 0:00:01]} a5 {[%emt 0:00:03]} 11. Qh4 {[%emt 0:00:01]} h6 {[%emt 0:00:03]} 12. f4 {[%emt 0:00:04]} d4 {[%emt 0:00:07]} 13. exd4 {[%emt 0:00:02]} Nd5 {[%emt 0:00:01]} 14. Nxd5 {[%emt 0:00:04]} Bxg5 {[%emt 0:00:01]} 15. fxg5 {[%emt 0:00:02]} Qxg5+ {[%emt 0:00:02]} 16. Qxg5 {[%emt 0:00:01]} hxg5 {[%emt 0:00:01]} 17. Ne7+ {[%emt 0:00:02]} Kh8 {[%emt 0:00:03]} 18. Nxc6 {[%emt 0:00:01]} Bb7 {[%emt 0:00:03]} 19. Ne5 {[%emt 0:00:02]} Bxg2 {[%emt 0:00:02]} 20. Rhg1 {[%emt 0:00:01]} Bh3 {[%emt 0:00:04]} 21. Rxg5 {[%emt 0:00:02]} f6 {[%emt 0:00:02]} 22. Rh5+ {[%emt 0:00:01]} Kg8 {[%emt 0:00:01]} 23. Rxh3 {[%emt 0:00:01]} fxe5 {[%emt 0:00:02]} 24. dxe5 {[%emt 0:00:01]} Rfc8 {[%emt 0:00:03]} 25. b3 {[%emt 0:00:02]} Ra7 {[%emt 0:00:02]} 26. Bc4 {[%emt 0:00:01] Time (Lag: Av=0.36s, max=1.1s)} 1-0

[Event "Stay Safe Play From Home 172"]
[Site "T#646326Emanuel Laske"]
[Date "2020.05.25"]
[Round "7"]
[White "Trotsky"]
[Black "Weltszmerc"]
[Result "0-1"]
[WhiteElo "1522"]
[BlackElo "1953"]
[Annotator "TA"]
[PlyCount "54"]
[EventDate "2020.05.25"]
[EventType "swiss (blitz)"]

{[%evp 9,54,-7,-7,-61,-45,-65,-62,-71,-57,-142,-138,-234,-215,-312,-167,-437,-377,-368,-331,-437,-424,-854,-400,-404,-386,-734,-553,-1883,-1879,-1894,-1870,-2464,-2388,-2826,-2800,-29991,-3059,-3082,-3074,-29993,-29990,-29993,-29994,-29994,-29994,-29997,-29998]} 1. d4 Nf6 2. e3 b6 3. c4 Bb7 4. Nc3 e6 5. Qc2 d5 6. f3 {A45: Trompowsky Attack.} (6. Nf3 $11) 6... Be7 {[#]} 7. Bd3 $146 ({Predecessor:} 7. Nh3 O-O 8. Be2 c5 9. Qd2 cxd4 10. exd4 dxc4 11. O-O Nc6 12. Rd1 Nxd4 13. Bxc4 Bxf3 {0-1 (26) Perez Garcia,J (1624)-Sosa Rodriguez,D (1503) Tenerife 2019}) 7... dxc4 8. Bxc4 {Black is slightly better.} O-O 9. h4 (9. Qf2 $15) 9... c5 $17 10. Bd3 (10. Nge2 $17 {was called for.}) 10... cxd4 11. Ne4 (11. exd4 {was necessary.} Nc6 12. Nge2) 11... dxe3 (11... Nxe4 $142 12. Bxe4 Nc6 $1 {[%mdl 512]}) 12. Ng5 $2 (12. Nxf6+ {is the only way for White.} Bxf6 13. Bxh7+ Kh8 14. Bxe3) 12... h6 13. Bxe3 Nc6 {[%cal Bb8c6,Bc6b4,Bb4a2][%mdl 32]} (13... hxg5 14. hxg5 Re8 15. gxf6 $16) 14. a3 Rc8 15. O-O-O (15. Rd1 $142 Nd5 16. Bh7+ Kh8 17. Qe4) 15... Qc7 (15... Ne5 $142 16. Bh7+ {[%mdl 64] Discovered Attack} Nxh7 {[%mdl 64] Pin} 17. Rxd8 Rfxd8 18. Nxh7 Nd3+ 19. Kb1 Rxc2 20. Kxc2 Ne1+ {[%mdl 64] Double Attack} 21. Kc1 Nxg2) 16. Bh7+ Kh8 {And now ...Qe5 would win.} 17. Rd3 $2 {[#]} (17. Ne2 Nd5 18. Rxd5 exd5 19. Kb1 Bxg5 20. Bxg5) 17... Nb4 $1 {[%csl Gb4,Gc8][%cal Rc7c2][%mdl 512]} 18. Qc3 (18. axb4 Qxc2#) 18... Na2+ {[%mdl 64] Double Attack, Pin} 19. Kb1 Nxc3+ 20. bxc3 Qc4 21. N1h3 Qb3+ 22. Ka1 Qxa3+ (22... Bd5 $142 23. c4 Qxc4 24. Rxd5 {[#]} Qc3+ $1 {[%mdl 576] Double Attack, Zwischenzug} 25. Kb1 Nxd5 26. Bd4 Qxd4 27. Nxf7+ {[%mdl 64] Remove Defender} Rxf7 28. Ng5 Nc3+ 29. Kc1 Nd1+ 30. Bc2 Bxa3+ 31. Kb1 Qb2#) 23. Kb1 $19 Qb3+ 24. Ka1 Rxc3 {Black mates.} 25. Rxc3 Qxc3+ {[%mdl 64] Double Attack} 26. Kb1 Qb3+ 27. Ka1 Bd5 {Black took control after the opening. Accuracy: White = 10%, Black = 65%.} 0-1

[Event "Stay Safe Play From Home 172"]
[Site "T#646326Emanuel Laske"]
[Date "2020.05.25"]
[Round "7"]
[White "UHU4"]
[Black "Greblah"]
[Result "0-1"]
[WhiteElo "1471"]
[BlackElo "1839"]
[Annotator "NA RC"]
[PlyCount "54"]
[EventDate "2020.05.25"]
[EventType "swiss (blitz)"]

1. e4 {[%emt 0:00:02]} c6 {[%emt 0:00:00]} 2. d4 {[%emt 0:00:01]} d5 {[%emt 0:00:00]} 3. exd5 {[%emt 0:00:01]} cxd5 {[%emt 0:00:01]} 4. Bd3 {[%emt 0:00:00]} Nc6 {[%emt 0:00:01]} 5. Nf3 {[%emt 0:00:01]} g6 {[%emt 0:00:01]} 6. O-O {[%emt 0:00:01]} Bg7 {[%emt 0:00:01]} 7. c3 {[%emt 0:00:01]} Nh6 {[%emt 0:00:01]} 8. Bd2 {[%emt 0:00:02]} O-O {[%emt 0:00:01]} 9. Qc1 {[%emt 0:00:01]} Nf5 {[%emt 0:00:02]} 10. Na3 {[%emt 0:00:03]} Nd6 {[%emt 0:00:03]} 11. Re1 {[%emt 0:00:03]} Bf5 {[%emt 0:00:01]} 12. Bf1 {[%emt 0:00:03]} e6 {[%emt 0:00:01]} 13. Bh6 {[%emt 0:00:01]} Kh8 {[%emt 0:00:02]} 14. Bxg7+ {[%emt 0:00:01]} Kxg7 {[%emt 0:00:01]} 15. Nc2 {[%emt 0:00:05]} Bxc2 {[%emt 0:00:02]} 16. Qxc2 {[%emt 0:00:01]} Ne4 {[%emt 0:00:00]} 17. Bd3 {[%emt 0:00:02]} f5 {[%emt 0:00:02]} 18. Bxe4 {[%emt 0:00:01]} fxe4 {[%emt 0:00:01]} 19. Nd2 {[%emt 0:00:03]} Qf6 {[%emt 0:00:01]} 20. Nf1 {[%emt 0:00:03]} Rac8 {[%emt 0:00:01]} 21. a3 {[%emt 0:00:02]} Nxd4 {[%emt 0:00:01]} 22. Qd2 {[%emt 0:00:09]} Nb3 {[%emt 0:00:01]} 23. Qe3 {[%emt 0:00:02]} Nxa1 {[%emt 0:00:01]} 24. Rxa1 {[%emt 0:00:01]} Qf4 {[%emt 0:00:01]} 25. Re1 {[%emt 0:00:07]} Qxe3 {[%emt 0:00:01]} 26. Nxe3 {[%emt 0:00:01]} Rf6 {[%emt 0:00:01]} 27. Ng4 {[%emt 0:00:01]} Rf5 {[%emt 0:00:01] Tiempo (Lag: Av=0.49s, max=1.2s)} 0-1

[Event "Stay Safe Play From Home 172"]
[Site "T#646326Emanuel Laske"]
[Date "2020.05.25"]
[Round "8"]
[White "Rogan"]
[Black "Indianquant"]
[Result "0-1"]
[WhiteElo "2319"]
[BlackElo "2231"]
[Annotator "TA"]
[PlyCount "86"]
[EventDate "2020.05.25"]
[EventType "swiss (blitz)"]

{[%evp 9,86,-5,5,-5,4,0,0,-10,31,0,54,54,48,-206,-193,-250,-250,-243,-233,-291,-137,-283,-254,-343,-296,-293,-282,-283,-310,-272,-130,-124,56,67,49,56,54,-496,0,0,211,188,257,264,254,260,262,171,222,-14,-12,-72,-76,-85,0,-237,-236,-218,-233,-318,-146,-152,-137,-157,-54,-45,0,-8,0,-100,0,-77,-78,-216,-197,-616,-616,-606,-598]} 1. d4 Nf6 2. c3 e6 3. Nf3 b6 4. Bg5 Bb7 5. e3 h6 6. Bh4 {A46: 1 d4 Nf6 2 Nf3 e6: Torre, London and Colle Systems.} d6 7. Nbd2 Nbd7 8. Bd3 {The position is equal.} Qe7 {[#]} (8... g5 $5 9. Bg3 $8 g4 $11) 9. O-O $146 ({Predecessor:} 9. Bxf6 Nxf6 10. Qa4+ Qd7 11. Bb5 c6 12. Bd3 Be7 13. e4 O-O 14. O-O Qc7 15. e5 {0-1 (27) Zucchelli,M (2172)-Grooten,H (2406) Salzburg 2004}) 9... e5 (9... g5 $11 10. Bg3 Nh5) 10. dxe5 $14 dxe5 11. Qc2 $2 {[%mdl 8192]} (11. Bxf6 $14 Nxf6 12. Qa4+ Qd7 13. Qxd7+ Nxd7 14. a4) 11... g5 $1 $19 12. Nxg5 (12. Bg3 $142 e4 13. Nxe4 Nxe4 14. Bxc7) 12... hxg5 13. Bxg5 Rg8 14. f4 Bh6 (14... O-O-O $19 {and Black stays clearly on top. White must now prevent ...Bh6!} 15. Nc4 exf4 16. exf4 Qc5+ 17. Kh1 Bh6 $1 {[%mdl 512]}) 15. Ne4 (15. Be4 $17 Bxe4 16. Nxe4 Bxg5 17. fxg5 Nxe4 18. Qxe4) 15... Bxg5 16. Nxg5 exf4 17. exf4 O-O-O 18. Rae1 Qc5+ 19. Qf2 Ng4 (19... Qd5 $19 20. Be2 Qxa2) 20. Qxc5 $17 Nxc5 $2 (20... bxc5 $17 21. Re2 Nh6) 21. Bf5+ $14 {[%mdl 64] Double Attack} Kb8 {aiming for ...Rd2!} 22. Bxg4 f6 $1 {[%cal Rf6g5]} 23. Ne6 $2 {[%mdl 8192] [#]} (23. h4 $14 {keeps the upper hand.}) 23... Rxg4 $2 (23... Nxe6 $2 24. Rxe6 Rxg4 25. g3 $19) ({Better is} 23... Rd2 $1 $19 {[%mdl 512]} 24. Rf2 (24. Nxc5 $2 Rxg2+ {[%mdl 64] Double Attack} 25. Kh1 bxc5 $19) 24... Rxf2 25. Kxf2 Nd3+ {[%mdl 64] Double Attack} 26. Kf1 Nxe1 27. Kxe1 Rxg4) 24. Nxd8 $11 Rxg2+ $2 (24... Bxg2 $11 {and Black has nothing to worry.} 25. Kf2 Nd3+ 26. Ke3 Nxe1 27. Rxe1 Rh4) 25. Kh1 $18 Bd5 (25... Nd3 $142) 26. c4 $1 {[%cal Rc4d5]} Ba8 {( -> ...Rg8+)} 27. Re8 Rxb2+ 28. Nc6+ $1 {[%mdl 64] Discovered Attack (Double check)} Kb7 29. Rxa8 $2 (29. h4 $18) 29... Kxa8 {[%mdl 4096] Endgame KRN-KRN} 30. Nd4 (30. h4 $11) 30... Rxa2 $17 31. h4 Ra4 ({Black should play} 31... Rd2 $17 32. Nf5 Kb7) 32. Rc1 $2 (32. h5 $11 Ra3 33. Kg2) 32... Nd3 $1 $19 {[%csl LRc1,LRf4]} 33. Rc3 Nxf4 34. Nb5 Nh5 (34... Kb7 $19 {has better winning chances.} 35. Nd4 Ra1+ 36. Kh2 Rd1) 35. Nxc7+ $17 Kb7 36. Nd5 Ra1+ (36... Kc6 $17 {Strongly threatening ...b5.} 37. Kg2 Kc5) 37. Kg2 $15 Ra2+ 38. Kf3 Rd2 {And now ...Rd4 would win.} 39. Ke4 (39. Kg4 $11 Ng7 40. Nxf6) 39... Re2+ (39... Rh2 $17 40. c5 Rxh4+ 41. Kf5 Rd4) 40. Kd4 (40. Kf5 $11 {remains equal.}) 40... Rh2 $17 41. Ke3 (41. Re3 $17) 41... Rxh4 $19 42. Kf3 $2 (42. c5) 42... Rh3+ 43. Ke2 Rxc3 {Accuracy: White = 37%, Black = 48%.} 0-1

[Event "Stay Safe Play From Home 172"]
[Site "T#646326Emanuel Laske"]
[Date "2020.05.25"]
[Round "8"]
[White "Mepe_Nika"]
[Black "Praveen prasad"]
[Result "0-1"]
[WhiteElo "2254"]
[BlackElo "2273"]
[Annotator "TA"]
[PlyCount "102"]
[EventDate "2020.05.25"]
[EventType "swiss (blitz)"]

{[%evp 14,101,29,23,31,9,26,11,41,8,0,-59,-60,-75,-68,-92,-61,-617,-624,-899,-895,-860,-756,-1020,-977,-1098,-1086,-1281,-1254,-1269,-1123,-1425,-1430,-1390,-1389,-1560,-1556,-1552,-1542,-1542,-1440,-1983,-1010,-29988,-29989,-29993,-1816,-29987,-1702,-2108,-1341,-1527,-1468,-2022,-1993,-29991,-29992,-29992,-29991,-29993,-29991,-29992,-29991,-29994,-29992,-29994,-29995,-29996,-29994,-29995,-29994,-29997,-29995,-29995,-29996,-29997,-29996,-29996,-29996,-29996,-29995,-29998,-29996,-29996,-29997,-29997,-29998,-29998,-29999,-29999]} 1. d4 d5 2. Bf4 c5 3. c3 cxd4 4. cxd4 Nc6 5. Nc3 Nf6 6. e3 a6 7. Rc1 e6 8. Nf3 Bd6 {D13: Slav Defence: Exchange variation without ...Bf5.} 9. Ne5 O-O 10. Bd3 Bxe5 {The position is equal.} 11. dxe5 Nd7 $1 {[#]} 12. Qh5 $146 ({White should play} 12. O-O $11) ({Predecessor:} 12. O-O Ndxe5 13. Bxe5 Nxe5 14. Bxh7+ Kxh7 15. Qh5+ Kg8 16. Qxe5 Bd7 17. Rfd1 Rc8 18. e4 dxe4 19. Qxe4 {½-½ (25) Rausis,I (2466)-Burmakin,V (2564) Cappelle-la-Grande 2002}) 12... g6 $15 13. Qh6 {Black should prevent Bg5.} Ndxe5 14. Be2 f5 15. h4 $2 {[%mdl 8192]} (15. Bg3 $15) 15... Nf7 $19 16. h5 Nxh6 17. Bxh6 g5 18. f4 g4 19. Bd3 Qb6 20. Kd2 d4 21. exd4 Qxd4 22. Rcd1 {[#]} Nb4 $1 23. Ke2 Rd8 {[%cal Rb4d3]} 24. Bb1 Qc4+ 25. Kf2 Bd7 26. Bg5 Bc6 {Threatens to win with ...Qc5+.} 27. Bxd8 Nd5 28. Ba5 Qxf4+ 29. Kg1 Ne3 (29... Qe3+ $142 30. Kh2 g3+ 31. Kh3 Nf4+ $1 {[%mdl 576] Double Attack, Discovered Attack} 32. Kh4 Ng6+ $1 {[%mdl 512]} 33. Kh3 Bxg2+ $1 {[%mdl 512]} 34. Kxg2 Nf4+ 35. Kf1 g2#) 30. Rd2 {[#]} Nc4 $1 31. Rf2 Qd4 {Strongly threatening ...g3.} 32. Bc7 Nxb2 33. Bf4 Qxc3 34. Bc1 Qxc1+ {Black mates.} 35. Kh2 Qc3 36. Rhf1 Qe5+ 37. Kg1 Nc4 38. Rb2 Ne3 39. Rc2 Nxf1 40. Rc1 Bb5 41. Rxf1 Qd4+ 42. Rf2 Bd3 43. Kh2 Qxf2 44. Kh1 Qe3 45. Bxd3 f4 46. Kh2 g3+ 47. Kh1 Kg7 48. Bf1 Kf6 49. a4 Rc8 50. h6 {[#]} Rc1 $1 {[%cal Rc1f1]} 51. a5 Rxf1# {White did not feel at home in the position after the opening. Accuracy: White = 26%, Black = 51%.} 0-1

[Event "Stay Safe Play From Home 172"]
[Site "T#646326Emanuel Laske"]
[Date "2020.05.25"]
[Round "8"]
[White "Lazieri3"]
[Black "Haxhi Baha"]
[Result "1-0"]
[WhiteElo "2128"]
[BlackElo "1984"]
[Annotator "TA"]
[PlyCount "69"]
[EventDate "2020.05.25"]
[EventType "swiss (blitz)"]

{[%evp 9,68,-4,19,0,781,781,987,812,945,751,758,750,748,756,748,751,762,751,822,775,779,768,859,852,850,849,853,725,819,764,828,725,766,725,828,828,978,747,1008,992,999,964,1105,1085,1046,1047,1497,1492,1462,1975,5891,4379,29979,29968,29988,29989,29990,29991,29998,29999,29999]} 1. e4 e6 2. Nc3 d5 3. d4 Nf6 4. e5 Nfd7 5. Nf3 a6 6. Bg5 {[#] C11: French: Classical System: 4 e5 and 4 Bg5 dxe4.} c5 $146 {[%mdl 8192] [#]} (6... Be7 $11 7. Bxe7 Qxe7) ({Predecessor:} 6... Be7 7. Bxe7 Qxe7 8. Bd3 c5 9. dxc5 Qxc5 10. O-O Nc6 11. Re1 b5 12. a3 Rb8 13. Qd2 O-O 14. b4 Qe7 15. Qf4 f6 16. exf6 Qxf6 17. Qxf6 Rxf6 {½-½ (37) Hajbok,R (2337)-Barva,A (2389) Hungary 2014}) 7. Bxd8 $18 Kxd8 8. dxc5 {White is clearly winning.} Nxc5 9. Bd3 Nc6 10. O-O Be7 11. h3 h6 12. Ne2 Bd7 13. c3 Rc8 14. Ned4 Nxd3 15. Qxd3 g6 16. Nxc6+ Bxc6 17. Nd4 Bd7 18. f4 Ke8 19. Rae1 Kf8 20. Rf2 Rg8 21. Kh2 Rc4 22. Ref1 Ke8 23. Qe3 Rc7 24. f5 gxf5 25. Qxh6 Bc5 26. Qh7 Rf8 27. g4 b5 28. gxf5 Bxd4 29. cxd4 exf5 30. Rxf5 Bxf5 31. Qxf5 {White mates.} Rg8 32. e6 {[%mdl 64] [#] Discovered Attack} Rf8 33. Qxd5 fxe6 34. Qxe6+ {[%mdl 64] Double Attack} Re7 35. Qc8# {Black got outplayed after the opening} 1-0

[Event "Stay Safe Play From Home 172"]
[Site "T#646326Emanuel Laske"]
[Date "2020.05.25"]
[Round "8"]
[White "Weltszmerc"]
[Black "Lamborghini"]
[Result "0-1"]
[WhiteElo "1956"]
[BlackElo "2190"]
[Annotator "TA"]
[PlyCount "108"]
[EventDate "2020.05.25"]
[EventType "swiss (blitz)"]

{[%evp 13,108,32,51,-38,-19,-93,-88,-148,-159,-177,-166,-175,-167,-249,-152,-148,-154,-190,-119,-217,-218,-193,-129,-130,-54,-56,-60,-75,-39,-139,-138,-217,-204,-215,-137,-154,-154,-164,-155,-168,-166,-202,-189,-210,-206,-256,-264,-260,-251,-308,-268,-268,-260,-266,-197,-236,-241,-320,0,0,0,0,44,36,258,263,245,26,53,0,112,0,2,8,27,-9,179,0,0,-8,0,0,0,0,527,516,345,77,1497,584,399,0,0,0,0,-237,0]} 1. d4 c5 2. d5 d6 3. c4 g6 4. Nf3 Bg7 5. g3 Nf6 6. Bg2 O-O 7. O-O b5 8. a4 {E60: King's Indian: Unusual lines and Fianchetto Variation without Nc3.} (8. cxb5 $14 a6 9. bxa6) 8... bxc4 $15 {[#]} 9. Na3 $146 (9. Nfd2 $11) ({Predecessor:} 9. Nfd2 Na6 10. Nxc4 Nb4 11. Nc3 Ba6 12. Ne3 Rb8 13. Rb1 e6 14. b3 Re8 15. Re1 exd5 16. Ncxd5 Nbxd5 17. Nxd5 Nxd5 18. Bxd5 {1-0 (36) Davies,N (2494)-Wells,P (2492) Leeds 2011}) 9... Bb7 $17 10. e4 (10. Ne1 $142) 10... Nxe4 11. Nxc4 Nf6 12. Ne1 Nbd7 13. a5 (13. Nc2 {was worth a try.}) 13... Rb8 14. a6 Ba8 15. Bd2 Nb6 (15... Bxd5 $19 16. Ba5 Bxg2 $1 {[%mdl 512]} 17. Bxd8 Bxf1 18. Kxf1 Rfxd8) 16. Nxb6 (16. Ba5 $17) 16... Qxb6 $19 ({Weaker is} 16... Rxb6 17. Ba5 $15) 17. Bc3 Rfe8 (17... Qb3 $19 {[%cal Rf6d5]} 18. Qxb3 Rxb3) 18. Nc2 $17 Nh5 (18... e6 $17 {[%cal Ra8d5]} 19. Ne3 exd5 20. Nxd5 Nxd5 21. Bxd5 Bxd5 22. Qxd5 Re6) 19. Ne3 $15 Qb5 20. Ra5 Qb3 21. Qxb3 ({White should play} 21. Qd3 $15) 21... Rxb3 $17 22. Bf3 (22. Rc1 $17) 22... Bxc3 $19 23. bxc3 Nf6 24. c4 Reb8 25. Kg2 R8b6 26. h3 Kf8 27. g4 e6 28. g5 Nd7 29. dxe6 Bxf3+ 30. Kxf3 fxe6 31. Rd1 Ke7 32. Kg2 Ne5 33. Ra2 Nc6 34. Rad2 Nd4 35. Re1 {intending Nd5+.} e5 $2 (35... Rxa6 $19 {aiming for ...Raa3.} 36. h4 Ra4) 36. Nd5+ $11 {[%mdl 64] Double Attack} Ke6 37. Nxb6 Rxb6 {[%mdl 4096] Endgame KRR-KRN} (37... Nf3 {is interesting.} 38. Rxd6+ Kxd6 39. Rd1+ Nd4 40. Nc8+ Kd7) 38. f4 $1 Kf5 $2 (38... Nc6 $14) 39. fxe5 $18 dxe5 40. h4 $2 (40. Rf2+ $18 Kxg5 41. Rxe5+ {[%mdl 64] Double Attack} Kh6 42. Rxc5) 40... Kg4 41. Re4+ ({Better is} 41. Rxe5 $14 Rxa6 42. Re4+ Kf5 43. Re7) 41... Kh5 (41... Kf5 $11 42. Re1 e4) 42. Re3 (42. Ra2 $1 $16) 42... Rxa6 $11 43. Rxe5 Ra4 44. Rxc5 Nf5 $2 (44... Nb3 $11 {and Black has nothing to worry.} 45. Rdd5 Nxc5 46. Rxc5 Ra3) 45. Rxf5 $2 (45. Kf3 $1 $18) 45... gxf5 $18 {KR-KR} 46. Rc2 {Black must now prevent c5.} Ra6 47. c5 {And now c6 would win.} Rc6 48. Kg3 Kg6 $2 {[%mdl 8192]} (48... a5 $11) 49. Kf4 a5 {[#]} 50. Ke5 $2 (50. h5+ $1 $18 {[%mdl 512] and the rest is easy.} Kf7 (50... Kxh5 51. Rh2+) 51. Kxf5) 50... h6 $2 {[%mdl 8192]} (50... a4 $16) 51. Kd5 Rc8 52. h5+ $2 (52. gxh6 $18 {Threatens to win with Kd6.} f4 53. c6) 52... Kxg5 $11 53. c6 Kxh5 54. Kc5 $2 {[#]} (54. Kd6 $11 {and White stays safe.}) 54... Rd8 $2 {[%mdl 32768] Accuracy: White = 39%, Black = 48%. . Loss on time!?} ({Black should try} 54... f4 $1 $19 55. Kb6 Kg4) 0-1

[Event "Stay Safe Play From Home 172"]
[Site "T#646326Emanuel Laske"]
[Date "2020.05.25"]
[Round "8"]
[White "The Next Contender"]
[Black "matanant"]
[Result "1-0"]
[WhiteElo "1937"]
[BlackElo "1642"]
[Annotator "TA"]
[PlyCount "63"]
[EventDate "2020.05.25"]
[EventType "swiss (blitz)"]

{[%evp 9,63,117,110,107,107,27,58,36,22,14,81,93,127,22,22,37,18,-53,-30,-25,-13,-19,0,0,12,-4,-4,-7,76,77,110,111,152,92,170,162,198,112,407,127,194,58,379,379,553,371,346,339,595,595,580,570,1023,1022,5094,1064]} 1. d4 d5 2. c4 e5 3. dxe5 d4 4. Nf3 c5 5. e3 Nc6 6. exd4 {D08: Albin Counter Gambit.} cxd4 7. Bg5 (7. Bd3 $16) 7... Be7 $11 8. Bxe7 {White is slightly better.} (8. h4 {feels hotter.} Qb6 9. Bd3 Bg4 10. Nbd2 Nxe5 11. Be2) 8... Ngxe7 {[#]} 9. Bd3 $146 ({Predecessor:} 9. Nbd2 O-O 10. a3 Ng6 11. Nb3 Bg4 12. Nbxd4 Nxd4 13. Qxd4 Bxf3 14. Qxd8 Raxd8 15. gxf3 Nxe5 16. f4 Nf3+ {0-1 (16) Aguilar,D-Manzur,C Mexiko 1997}) 9... O-O (9... Bg4 $11 {keeps the balance.}) 10. O-O $16 Bg4 {[#]} 11. h3 (11. Bxh7+ $1 $16 {[%mdl 512]} Kh8 (11... Kxh7 12. Ng5+) 12. Be4) 11... Bxf3 $1 $11 12. Qxf3 Nxe5 {[#]} 13. Qe4 (13. Bxh7+ $1 $11 {[%mdl 512]} Kxh7 14. Qh5+ {[%mdl 64] Double Attack} Kg8 15. Qxe5) 13... Nxd3 (13... N7g6 {is more complex.} 14. Nd2 f5 15. Qe2 Nxd3 16. Qxd3 Nf4) 14. Qxd3 Ng6 15. Nd2 Qd6 16. Nf3 $36 {[%mdl 2048] White has some pressure.} Rad8 17. Rad1 {[%cal Rd3d4]} Nf4 18. Qe4 {[%cal Rd1d4]} Ne6 (18... Rfe8 $11 19. Qxb7 Qg6) 19. Qxb7 $16 Rd7 20. Qe4 Rfd8 21. Rd2 ({White should try} 21. Rfe1) 21... Re7 (21... d3 $16) 22. Rfd1 $18 a5 23. Qh4 (23. b3 $18) 23... h6 $2 {[%mdl 8192]} (23... Red7 $16 {was necessary.} 24. b3 a4) 24. Qg4 $2 (24. Nxd4 $18 {and the rest is easy.} Red7 25. Nxe6 Qxe6 26. Qxd8+ Rxd8 27. Rxd8+ Kh7 28. Rc1) 24... Nf4 (24... Red7 $16 25. b3 Qc5) 25. Nh4 (25. Kh1 $18 {[%cal Rd2d4]} f5 26. Qxf5) 25... g5 $2 {[%mdl 8192]} ({Black should play} 25... Re4 $14) 26. Nf5 {[%mdl 64] Double Attack} Qe5 (26... Qc5 $142 27. Nxe7+ Qxe7) 27. Nxe7+ Qxe7 28. Qf3 ({Don't blunder} 28. Rxd4 $2 Rxd4 29. Kh2 (29. Rxd4 $2 {loses.} Qe1+ 30. Kh2 Ne2 $19) 29... Rxd1 $19) 28... d3 $2 (28... Kg7 29. g3 Ne6) 29. g3 {White is clearly winning.} Ne2+ 30. Kg2 Re8 31. Rxd3 f5 32. Rd7 {Accuracy: White = 47%, Black = 23%.} 1-0